Study on natural rubber latex modified by PMMA/SiO2 hybrid material (Record no. 69838)

MARC details
000 -LEADER
fixed length control field 01153nam a2200193Ia 4500
100 ## - MAIN ENTRY--AUTHOR NAME
Personal name Yingping He
245 #0 - TITLE STATEMENT
Title Study on natural rubber latex modified by PMMA/SiO2 hybrid material
260 ## - PUBLICATION, DISTRIBUTION, ETC. (IMPRINT)
Name of publisher Proceedings of IRRDB Conference: NR Industry: Responding to Globalization, 7-8 September 2004, Kunming International Convention & Exhibition Center, China. pp.477-482.
520 ## - SUMMARY, ETC.
Summary, etc The acrylic acid intermediate containing activated silicon was formed by putting acidified Na2SiO39H2O into acrylic acid and the PMMA/SiO2 hybrid material was synthesized by emulsion polymerization. And the NR latex modified by PMMA/SiO2 hybrid material was obtained by putting the hybrid material into NR latex on the premise that NR latex is stable after being treated first. The colloid property and mechanical properties have been studied, and the results show that both of them get improved.
650 ## - SUBJECT ADDED ENTRY--TOPICAL TERM
Topical Term Emulsion polymerization
650 ## - SUBJECT ADDED ENTRY--TOPICAL TERM
Topical Term NRL
650 ## - SUBJECT ADDED ENTRY--TOPICAL TERM
Topical Term PMMA/SiO2 hybrid material
650 ## - SUBJECT ADDED ENTRY--TOPICAL TERM
Topical Term Silicon-organic
700 ## - ADDED ENTRY--PERSONAL NAME
Personal name Chunying Shi
700 ## - ADDED ENTRY--PERSONAL NAME
Personal name Nanping Li
700 ## - ADDED ENTRY--PERSONAL NAME
Personal name Xueqin Han
942 ## - ADDED ENTRY ELEMENTS (KOHA)
Koha item type Journals
Holdings
Withdrawn status Lost status Damaged status Not for loan Home library Current library Shelving location Date acquired Koha item type
      Journals RRII Library RRII Library Rubber chemistry 17/12/2021 Journals